000 00323nam a22001457a 4500
008 230907b ||||| |||| 00| 0 eng d
020 _a9780415082525
041 _aeng
080 _a159.9
082 _a159.9ARC
100 _a25
101 _aPSI
245 _aCHILDREN RIGHTS & CHILDHOOD
_cARCHARD.D
942 _2udc
_cBK
999 _c60291
_d60291